Normal view
MARC view
Entry Personal Name
001 - CONTROL NUMBER
- control field: 59126
003 - CONTROL NUMBER IDENTIFIER
- control field: dpl
005 - DATE AND TIME OF LATEST TRANSACTION
- control field: 20231128143205.0
008 - FIXED-LENGTH DATA ELEMENTS
- fixed length control field: 231128|| aca||aabn | a|a d
040 ## - CATALOGING SOURCE
- Original cataloging agency: dpl
- Transcribing agency: dpl
100 ## - HEADING--PERSONAL NAME
- Personal name: Nag, Amitava
670 ## - SOURCE DATA FOUND
- Source citation: Work cat.: (dpl)199266: Nag, Amitava, 75 Years 75 Films/, 2023
